[Event "Pfarrkirchen Rottal op 1st"]
[Site "Pfarrkirchen"]
[Date "2017.04.14"]
[Round "1"]
[White "Kuechle, Helmut"]
[Black "Reinhardt, Bernd"]
[Result "0-1"]
[WhiteElo "1717"]
[BlackElo "2216"]
[PlyCount "75"]
[EventDate "2017.04.14"]
[EventType "swiss"]
[EventRounds "7"]
[EventCountry "GER"]
[SourceTitle "CBM 177 Extra"]
[Source "ChessBase"]
[SourceDate "2017.04.27"]
[SourceVersion "1"]
[SourceVersionDate "2017.04.27"]
[SourceQuality "1"]

1. e4 d6 2. d4 Nf6 3. Bd3 e5 4. d5 Be7 5. c4 0-0 6. h3 Nfd7 7. Nc3 Nc5 8. Bc2 a5 9. Be3 Nbd7 10. Nge2 Bg5 11. f4 exf4 12. Nxf4 Ne5 13. b3 Bh4+ 14. Bf2 Bxf2+ 15. Kxf2 Qf6 16. Qd2 g5 17. g3 gxf4 18. gxf4 Qh4+ 19. Ke2 Qh5+ 20. Kf1 Bxh3+ 21. Rxh3 Qxh3+ 22. Qg2+ Qxg2+ 23. Kxg2 Ng6 24. Kf3 f5 25. exf5 Ne7 26. Rg1+ Kh8 27. Rg5 Rf6 28. Nb5 c6 29. dxc6 Nxc6 30. Rh5 Rc8 31. a3 Re8 32. Nxd6 Rxd6 33. f6 Nd4+ 34. Kf2 Re2+ 35. Kg3 Rxc2 36. Rxc5 Rxf6 37. Rxa5 Rg6+ 38. Kh3 0-1

[Event "Schwaben-ch"]
[Site "Sonthofen"]
[Date "2013.11.03"]
[Round "6.10"]
[White "Lagasse, Isabelle"]
[Black "Kuechle, Helmut"]
[Result "0-1"]
[WhiteElo "951"]
[BlackElo "1589"]
[PlyCount "108"]
[EventDate "2013.11.01"]
[EventType "swiss"]
[EventRounds "6"]
[EventCountry "GER"]
[SourceTitle "EXT 2022"]
[Source "ChessBase"]
[SourceDate "2021.10.06"]
[SourceVersion "1"]
[SourceVersionDate "2021.10.06"]
[SourceQuality "1"]

1. c4 c5 2. Nc3 d6 3. e4 e6 4. d3 Nc6 5. Nge2 Be7 6. h3 Bf6 7. Be3 Nd4 8. Bxd4 cxd4 9. Nb5 e5 10. g4 h6 11. Bg2 Ne7 12. 0-0 a6 13. Na3 Ng6 14. Nc2 a5 15. a3 Bd7 16. b3 Qc8 17. f3 h5 18. Ng3 hxg4 19. fxg4 Nh4 20. Nf5 Nxf5 21. exf5 Bc6 22. Bxc6+ Qxc6 23. Qf3 Qc7 24. Kh2 Bg5 25. Qd5 Ke7 26. Ne1 Rh6 27. Ng2 Rah8 28. Qf3 Qc6 29. Rae1 f6 30. b4 axb4 31. axb4 Kd7 32. b5 Qxf3 33. Rxf3 Kc7 34. Rh1 Ra8 35. Kg3 Ra2 36. Rf2 Ra3 37. Rd1 Rh8 38. h4 Bh6 39. Ne1 e4 40. Kg2 e3 41. Rf3 Ra2+ 42. Kg1 e2 43. Rb1 Be3+ 44. Kg2 Rxh4 45. Kg3 Rh1 46. Kg2 Rg1+ 47. Kh3 Rd2 48. b6+ Kc6 49. Rxe3 dxe3 50. Kh2 Rxg4 51. Ng2 Rd1 52. Rxd1 exd1Q 53. Nxe3 Qg1+ 54. Kh3 Qg3# 0-1

[Event "Schwaben-ch"]
[Site "Sonthofen"]
[Date "2013.11.02"]
[Round "4.5"]
[White "Herold, Gunther"]
[Black "Kuechle, Helmut"]
[Result "1-0"]
[WhiteElo "1764"]
[BlackElo "1589"]
[PlyCount "25"]
[EventDate "2013.11.01"]
[EventType "swiss"]
[EventRounds "6"]
[EventCountry "GER"]
[SourceTitle "EXT 2022"]
[Source "ChessBase"]
[SourceDate "2021.10.06"]
[SourceVersion "1"]
[SourceVersionDate "2021.10.06"]
[SourceQuality "1"]

1. e4 c6 2. d4 d5 3. exd5 cxd5 4. Bd3 e6 5. Bf4 Nc6 6. c3 Nf6 7. Nf3 a6 8. 0-0 h6 9. Nbd2 Bd6 10. Bxd6 Qxd6 11. Qe2 0-0 12. Ne5 Nd7 13. f4 1-0

[Event "Schwaben-ch"]
[Site "Sonthofen"]
[Date "2013.11.02"]
[Round "3.1"]
[White "Kuechle, Helmut"]
[Black "Lagasse, Pascal"]
[Result "0-1"]
[WhiteElo "1589"]
[BlackElo "1900"]
[PlyCount "88"]
[EventDate "2013.11.01"]
[EventType "swiss"]
[EventRounds "6"]
[EventCountry "GER"]
[SourceTitle "EXT 2022"]
[Source "ChessBase"]
[SourceDate "2021.10.06"]
[SourceVersion "1"]
[SourceVersionDate "2021.10.06"]
[SourceQuality "1"]

1. e4 c5 2. c3 e6 3. e5 Nc6 4. Nf3 d5 5. d4 Qb6 6. a3 Nh6 7. b4 cxd4 8. cxd4 Bd7 9. Nc3 Nf5 10. Na4 Qc7 11. Nc5 Bxc5 12. bxc5 Ncxd4 13. Nxd4 Qxe5+ 14. Be3 Nxe3 15. fxe3 Qxe3+ 16. Be2 Qc3+ 17. Kf1 Qxc5 18. a4 0-0 19. Rc1 Qd6 20. g3 e5 21. Nb5 Bh3+ 22. Ke1 Qb4+ 23. Kf2 a6 24. Nc7 Qb6+ 25. Ke1 Rac8 26. Nxd5 Qa5+ 27. Kf2 Rxc1 28. Ne7+ Kh8 29. Qxc1 Qb6+ 30. Qe3 Qf6+ 31. Bf3 Qxe7 32. Rb1 b5 33. axb5 axb5 34. Rxb5 f6 35. Rb7 Qd6 36. Rb6 Qc7 37. Rc6 Qd7 38. Qc3 Rd8 39. Ke3 Qa7+ 40. Qc5 Qa1 41. Qc1 Qd4+ 42. Ke2 e4 43. Bh1 Bg4+ 44. Ke1 Qg1# 0-1

[Event "Reutlingen op 18th"]
[Site "Reutlingen"]
[Date "2013.05.17"]
[Round "1"]
[White "Bozic, Milan"]
[Black "Kuechle, Helmut"]
[Result "1-0"]
[WhiteElo "2426"]
[BlackElo "1804"]
[PlyCount "71"]
[EventDate "2013.05.17"]
[EventType "swiss"]
[EventRounds "7"]
[EventCountry "GER"]
[SourceTitle "CBM 154 Extra"]
[Source "ChessBase"]
[SourceDate "2013.06.25"]
[SourceVersion "2"]
[SourceVersionDate "2013.06.25"]
[SourceQuality "1"]

1. c4 c5 2. Nf3 Nc6 3. g3 e6 4. Bg2 Be7 5. 0-0 Bf6 6. Nc3 a6 7. Ne4 Be7 8. d4 cxd4 9. Nxd4 Nxd4 10. Qxd4 Nf6 11. Nd6+ Bxd6 12. Qxd6 h6 13. Bf4 a5 14. Rfd1 Ra6 15. Qb8 0-0 16. Bc7 Qe8 17. Bd6 Qd8 18. Bxf8 Qxf8 19. c5 Nd5 20. e4 Nb4 21. Rd6 Qd8 22. Rxa6 Nxa6 23. Qd6 Qg5 24. e5 Qd8 25. a3 a4 26. Bf1 Nc7 27. Qb6 Kf8 28. Bc4 Ke8 29. Rd1 g6 30. Qd6 h5 31. f4 b5 32. cxb6 Na8 33. Bb5 Nxb6 34. Qb8 Ke7 35. Rc1 Ke8 36. Rc7 1-0

[Event "Suedschwaben-ch"]
[Site "Sonthofen"]
[Date "2012.11.04"]
[Round "7.5"]
[White "Martin, Paul"]
[Black "Kuechle, Helmut"]
[Result "0-1"]
[WhiteElo "1257"]
[BlackElo "1590"]
[PlyCount "90"]
[EventDate "2012.11.01"]
[EventType "swiss"]
[EventRounds "7"]
[EventCountry "GER"]
[SourceTitle "EXT 2022"]
[Source "ChessBase"]
[SourceDate "2021.10.06"]
[SourceVersion "1"]
[SourceVersionDate "2021.10.06"]
[SourceQuality "1"]

1. e4 c6 2. d4 d5 3. exd5 cxd5 4. Nf3 a6 5. Nc3 e6 6. Be2 Be7 7. 0-0 Nd7 8. Bf4 Bf6 9. Qd2 Ne7 10. Bg5 Nc6 11. Qf4 h6 12. Bxf6 gxf6 13. Rfe1 Nb4 14. Rac1 Nb6 15. a3 Nc6 16. Bd3 Ke7 17. Ne2 Qd6 18. Qxd6+ Kxd6 19. Ng3 h5 20. h4 Bd7 21. c4 Ke7 22. Nf5+ Kf8 23. Nd6 Rb8 24. b4 Ne7 25. c5 Nbc8 26. Nxc8 Rxc8 27. Re2 Ba4 28. Rb2 b5 29. Nd2 Nc6 30. Nf3 Rg8 31. Re1 Rg4 32. Rd2 Nxd4 33. Nh2 Rxh4 34. Re3 Nc6 35. g3 Rd4 36. Nf3 Rg4 37. Be2 Rg7 38. Ne1 h4 39. Nd3 hxg3 40. fxg3 Bb3 41. Nf4 Bc4 42. Nh5 Rg6 43. Bd3 Bxd3 44. Rdxd3 Ne5 45. Rc3 d4 0-1

[Event "Suedschwaben-ch"]
[Site "Sonthofen"]
[Date "2012.11.01"]
[Round "2.1"]
[White "Maugg, Ludwig"]
[Black "Kuechle, Helmut"]
[Result "1-0"]
[WhiteElo "1863"]
[BlackElo "1590"]
[PlyCount "79"]
[EventDate "2012.11.01"]
[EventType "swiss"]
[EventRounds "7"]
[EventCountry "GER"]
[SourceTitle "EXT 2022"]
[Source "ChessBase"]
[SourceDate "2021.10.06"]
[SourceVersion "1"]
[SourceVersionDate "2021.10.06"]
[SourceQuality "1"]

1. d4 d5 2. c4 c6 3. Nc3 a6 4. e3 e6 5. Nf3 Nf6 6. Qc2 h6 7. Bd3 dxc4 8. Bxc4 b5 9. Bd3 Bb7 10. e4 Be7 11. 0-0 Nbd7 12. Rd1 Rc8 13. Qe2 Qc7 14. e5 Nd5 15. Nxd5 cxd5 16. Bd2 Nb8 17. a4 b4 18. Rac1 Qd7 19. Rxc8+ Bxc8 20. b3 0-0 21. Bb1 Nc6 22. Qd3 f5 23. exf6 Rxf6 24. Qh7+ Kf7 25. Ne5+ Nxe5 26. dxe5 Rf5 27. Bxf5 exf5 28. Bxh6 Bf8 29. Be3 Qe6 30. Bd4 f4 31. Qh5+ g6 32. Qf3 Bh6 33. Rc1 Kg8 34. h3 Bb7 35. Rc7 Bc6 36. Qg4 Qxg4 37. hxg4 Be8 38. e6 Bg5 39. Ra7 Bh6 40. Ra8 1-0